Responses for Show #5533 - Wednesday, October 1, 2008

Contestants

[<< previous game]

Erin Worrell, a law student from Philadelphia, Pennsylvania

Stuart Davidson, an investment analyst from Smyrna, Georgia

Wes Pierce, a financial planner from Anaheim Hills, California (whose 2-day cash winnings total $33,800)

[next game >>]

Jeopardy! Round responses

WORLD HERITAGE SITES
(Alex: Next, we want you to name the artist for the...)
ALBUM OF THE YEAR GRAMMYS
HAPPY 50th NASA
UPDATED LITERATURE?
MAN-AGRAMS
NEWSEUM
(Sarah: The [*] in Washington, D.C.--250,000 square feet of exhibits on how we got and get our news.)
    $200 26
Venezuela

Wes
    $200 1
U2

Stuart
    $200 21
put a man on the Moon

Erin
    $200 11
The Hunchback of Notre Dame

Stuart
    $200 6
Clint Eastwood

Wes
    $200 16
Madison

Wes
    $400 27
Auschwitz

Erin
    $400 2
(Stuart: Who are The Eagles?)

The Dixie Chicks

Stuart
Triple Stumper
    $400 22
(Wes: What is, uh, put the rover on Mars?)

put a man on Mars

WesStuart
    $400 12
Gone With the Wind

Wes
    $400 7
Ronald Reagan

Wes
    $400 17
the Watergate Hotel

Wes
    $600 28
the Vatican

Stuart
    $600 3
Stevie Wonder

Wes
    $600 23
an asteroid

Erin
    $600 13
On the Road

Stuart
    $600 8
Marco Polo

Triple Stumper
    $600 18
Sarajevo

Stuart
    $800 29
the Great Wall of China

Wes
    $800 4
CĂ©line Dion

Triple Stumper
    $800 24
(Robert) Goddard

Stuart
    $800 14
(Alex: And that is [*], Hemingway.)

The Sun Also Rises

Triple Stumper
    $800 9
Osama bin Laden

Erin
    $800 19
Edward R. Murrow

Wes
    $1,000 30
(Wes: What is Casablanca?)

the Casbah

Wes
    $1000 5
(Wes: Well, we stunk at that.)

Bob Dylan

Triple Stumper
    $1000 25
the arms of the galaxy

Stuart
    $1000 15
Metamorphosis

Wes
    $1000 10
Albert Einstein

Triple Stumper
    $1000 20
(Alex: And by the way, the Newseum is a great place to visit in our nation's capital. I was there not too long ago.)

Bob Woodruff

Stuart

Scores at the first commercial break (after clue 15):

Wes Stuart Erin
$2,600 $600 $800

Scores at the end of the Jeopardy! Round:

Wes Stuart Erin
$3,600 $5,000 $2,000

Double Jeopardy! Round responses

SCULPTURE
TV PSYCHOLOGY WITH DR. JOYCE BROTHERS
TUDOR GARAGE
FLASH!
AH-"AH"
KING OF THE IMPOSSIBLE
    $400 19
Richelieu

Wes
    $400 9
Frasier Crane

Wes
    $400 21
court jester

Wes
    $400 6
Mathew Brady

Wes
    $400 1
the Autobahn

Stuart
    $400 7
a bagel

Wes
    $800 20
Florence (or Firenze)

Triple Stumper
    $800 10
Ugly Betty

Wes
    $800 22
Mary

Erin
    $800 14
Demi Moore

Stuart
    $800 2
gigahertz

Wes
    $800 8
(Stuart: What is a sheep?)
(Erin: What is a chicken?)
...
(Alex: At Thanksgiving, don't we all fall asleep after eating [*]?)

a turkey

StuartErin
Triple Stumper
    $100 28
[The end-of-round signal sounds.]

a discus

Wes
    $1200 11
Buffy the Vampire Slayer

Wes
    $1200 23
the Tower of London

Stuart
    $1200 15
Ansel Adams

Stuart
    $1200 3
mahogany

Wes
    $1200 18
playing cards

Wes
    $1600 12
Eddie Haskell

Wes
    $1600 24
(Alex: And Henry
was Henry VIII,
and it was [*].)

Catherine of Aragon

Triple Stumper
    $1600 16
Diane Arbus

Triple Stumper
    $2,000 4
sahib

Wes
    $1600 26
(Erin: What are cobras?)

rattlesnakes

Erin
Triple Stumper
    $2000 13
(Alex: ...and we thank Dr. Joyce
for those clues.)

Miss Kitty

Stuart
    $2000 25
Edward VI

Triple Stumper
    $2000 17
(Alex: You knew that, Stuart.)
(Stuart: No, I didn't. Should have.)

Leland Stanford

Triple Stumper
    $2000 5
the baht

Erin
    $2000 27
an airplane (a Boeing 747)

Wes

Scores at the end of the Double Jeopardy! Round:

Wes Stuart Erin
$16,500 $9,800 $2,400

[wagering suggestions for these scores]

Final Jeopardy! Round responses

1960s OSCAR NOMINATIONS
(Alex: One of the actors played three characters, not just two.)
...
(Alex: The one who played three characters was [*] in Dr. Strangelove. And the other one, who won the Oscar, was [**] in Cat Ballou, yes. He played Kid Shelleen and his brother Tim Strawn.)
ErinWho is Jimmy Stewart
$2,400
StuartWho is Brando?
$9,800
WesWho is Peter O'toole?
$3,101
(1 of) Peter Sellers or Lee Marvin

Final scores:

Wes Stuart Erin
$13,399 $0 $0
3-day champion: $47,199 2nd place: $2,000 3rd place: $1,000

Game dynamics:

Coryat scores:

Wes Stuart Erin
$18,200 $9,800 $2,400
24 R
(including 2 DDs),
2 W
(including 1 DD)
14 R,
2 W
6 R,
2 W

Combined Coryat: $30,400

[game clues] [game scores] [suggest correction]

Game tape date: 2008-08-19
The J! Archive is created by fans, for fans. Scraping, republication, monetization, and malicious use prohibited; this site may use cookies and collect identifying information. See terms. The Jeopardy! game show and all elements thereof, including but not limited to copyright and trademark thereto, are the property of Jeopardy Productions, Inc. and are protected under law. This website is not affiliated with, sponsored by, or operated by Jeopardy Productions, Inc. Join the discussion at JBoard.tv.